000 00303nam a2200109Ia 4500
008 201217s9999 xx 000 0 und d
100 _aPrakash, Om
245 0 _a(The) Dutch East India Company & the Economy of Bengal 1630 - 1720
260 _aDelhi
_bOxford University Press
300 _a291
942 _cBK
999 _c7746
_d7746